Účtovanie a vykazovanie kurzových rozdielov v spoločnosti s ručením obmedzením so zahraničnou majetkovou účasťou

Podnikateľská činnosť so zahraničnou majetkovou účasťou. Spoločenská zmluva. Účtovanie so zahraničným spoločníkom. Vedenie dôslednej analytickej evidencie.

Gespeichert in:
Bibliographische Detailangaben
1. Verfasser: Máziková, Katarína
Format: Buchkapitel
Sprache:Slowakisch
Schlagworte:
Tags: Tag hinzufügen
Keine Tags, Fügen Sie das erste Tag hinzu!

MARC

LEADER 00000naa$a2200000$$$4500
001 0057440
005 20240502071640.3
041 0 |a slo 
044 |a SK 
245 1 0 |a Účtovanie a vykazovanie kurzových rozdielov v spoločnosti s ručením obmedzením so zahraničnou majetkovou účasťou  |c Katarína Máziková 
520 |a Podnikateľská činnosť so zahraničnou majetkovou účasťou. Spoločenská zmluva. Účtovanie so zahraničným spoločníkom. Vedenie dôslednej analytickej evidencie. 
610 2 0 |a účtovníctvo 
610 2 0 |a rozdiely kurzové 
610 2 0 |a spoločnosti s r.o. 
610 2 0 |a výsledok hospodársky 
610 2 0 |a zmluvy spoločenské 
100 1 |a Máziková, Katarína